000 01125nam0a22003011 4500
001 v19\rc\1651676
005 20061002132111.2
035 _a(NLR Aleph) 004762851
090 _a4591431
_c4591431
100 _a20061002e18891889|||y0rusy50 ca
101 0 _arus
102 _aRU
105 _ay z |||||
200 1 _aРешение одной задачи о нагревании тел
_f[Соч.] Г.Г. Аппельрота
210 _aСанкт-Петербург
_cтип. В. Демакова
_d[1889]
215 _a5 с.
_d23
309 _aБез тит. л. и обл.
311 _aОтт. из "Журн. Рус. физ.-хим. о-ва" 1889, т. 21, с. 31-35
488 0 _12001#$aЖурнал Русского физико-химического общества$v1889, т. 21
_1215##$aС. 31-35
700 1 _aАппельрот
_bГ. Г.
_f1866-1943
_gГерман Германович
801 0 _aRU
_bNLR
_gpsbo
801 0 _aRU
_bRuMoRGB
_2psbo
801 1 _aRU
_bProSoft-M
_2rusmarc
852 _aNLR
_j18.198.2.271
899 _aRuMoRGB
_jV 120/1014
899 _aНБ МГУ
942 _cBOOK
980 _aNB